In metropolitana con Dio : cinque pezzi brevi, 2 fermate ciascuno /

Salvato in:
Dettagli Bibliografici
Autore principale: Montanari, Raul (Autore)
Natura: Libro
Lingua:italiano
Pubblicazione: \Milano! : Subway letteratura, c1998
Tags: Aggiungi Tag
Nessun Tag, puoi essere il primo ad aggiungerne!!

MARC

LEADER 00000nam a22000007i 4500
001 IT\ICCU\MIL\0477197
003 ItRI
005 20260115232339.0
008 001106s1998 it |||||| ||||| |||||c
040 |b ita  |c importazione bologna sebina 
041 7 |a ita  |2 ISO-639-2 
100 1 |a Montanari, Raul  |0 IT\ICCU\CFIV\110435  |4 aut 
245 1 0 |a In metropolitana con Dio :  |b cinque pezzi brevi, 2 fermate ciascuno /  |c Raul Montanari. 
260 |a \Milano! :  |b Subway letteratura,  |c c1998 
300 |a 15 p. ;  |c 15 cm. 
942 |2 ddc  |c BK  |n 0 
952 |0 0  |1 0  |4 0  |6 DOC_853_914000000000000_MON  |7 0  |9 24564  |a BO  |b BO  |d 2026-01-15  |i 4530  |l 0  |o DOC 853.914 MON  |p BO4530  |r 2026-01-15 23:23:39  |w 2026-01-15  |x [Sebina 7] [1 v.]  |y BK  |z 1 v. 
999 |c 20901  |d 20901